| 000 | 00373cam a2200145u 4500 | ||
|---|---|---|---|
| 040 | _cCarP | ||
| 082 | _aLES YVE 1983 C260 Or. | ||
| 100 | 1 | _aGasc, Yves, | |
| 245 | 1 | 4 | _aLes Charpentes en bois, |
| 260 |
_aParis, _bEyrolles, _c1983. |
||
| 300 |
_a336 p. _billus., plates. _c25 cm. |
||
| 650 | 0 | _aCarpentry. | |
| 700 | 1 | _aDelporte, Robert, [from old catalog] | |
| 942 | _cAEDBB | ||
| 999 |
_c22332 _d22332 |
||